000 00611nam a2200181 i 4500
001 91571
003 ES-MaACL
005 20250811072658.0
007 t|
008 050131s1931 sp ||||1| spa d
110 0 0 _aEspaña.
_tLeyes, etc.
_9184149
245 1 0 _aLey de 27 de noviembre de 1931 relativa a los Jurados mixtos del trabajo /
_cMinisterio de Trabajo y Previsión.
260 _aMadrid :
_b[s.n.],
_c1931 (
_fSucs. de M. Minuesa)
300 _a32 p. ;
_c22 cm.
710 1 _aEspaña.
_bMinisterio de Trabajo y Previsión
_93933
852 _aES-MaACL
_j1757-F-13
999 _c91571
_d91571